| 000 | 00436nam a2200181Ia 4500 | ||
|---|---|---|---|
| 999 |
_c42780 _d42780 |
||
| 003 | 0100 | ||
| 005 | 20180228115940.0 | ||
| 008 | 130303s9999 xx 000 0 und d | ||
| 040 | _cARRUPELIB | ||
| 050 | _aDT779.7.F7 1963 | ||
| 100 |
_aFriedmann, Marion Valerie ed. _939754 |
||
| 245 |
_aI will still be moved: _breports from South Africa / |
||
| 260 |
_aChicago _bQuadrangle Books _c1963 |
||
| 300 | _a126p. | ||
| 300 | _b 22cm. | ||
| 650 |
_aAfrica, South _xRace question _929924 |
||
| 650 |
_aAfrica, South _xPolitics _y1948- _925695 |
||
| 942 |
_2lcc _cMONOGRAPH |
||